G20 Leaders - Statistics

General Stats
  • This quiz has been taken 1,333 times
    644 since last reset
  • The average score is 12 of 21
Answer Stats
Hint Description Answer % Correct
USA President Joe Biden
95%
France President Emmanuel Macron
93%
Russia President Vladimir Putin
93%
China President/General Secretary Xi Jinping
89%
Canada Prime Minister Justin Trudeau
88%
Turkey President Recep Tayyip Erdogan
75%
India Prime Minister Narendra Modi
74%
Germany Chancellor Olaf Scholz
72%
Italy Prime Minister Giorgia Meloni
68%
Brazil President Lula da Silva
68%
United Kingdom Prime Minister Keir Starmer
64%
Argentina President Javier Milei
59%
European Union President Charles Michel
50%
Saudi Arabia King Salman bin Abdulaziz Al Saud
46%
Australia Prime Minister Anthony Albanese
36%
Mexico President Claudia Sheinbaum
23%
South Africa President Cyril Ramaphosa
23%
Indonesia President Joko Widodo
21%
Japan Prime Minister Fumio Kishida
19%
South Korea President Yoon Suk-yeol
11%
African Union Chairperson Moussa Faki
2%
No matching quizzes found
Score Distribution
Percent of People with Each Score
Percentile by Number Answered
Your Score History
You have not taken this quiz since the last reset